<?xml version="1.0" encoding="UTF-8"?><?xml-stylesheet type="text/xsl" href="static/style.xsl"?><OAI-PMH xmlns="http://www.openarchives.org/OAI/2.0/" xmlns:xsi="http://www.w3.org/2001/XMLSchema-instance" xsi:schemaLocation="http://www.openarchives.org/OAI/2.0/ http://www.openarchives.org/OAI/2.0/OAI-PMH.xsd"><responseDate>2026-04-13T07:55:16Z</responseDate><request verb="GetRecord" identifier="oai:www.recercat.cat:10230/47064" metadataPrefix="marc">https://recercat.cat/oai/request</request><GetRecord><record><header><identifier>oai:recercat.cat:10230/47064</identifier><datestamp>2025-12-18T01:19:57Z</datestamp><setSpec>com_2072_6</setSpec><setSpec>col_2072_452952</setSpec></header><metadata><record xmlns="http://www.loc.gov/MARC21/slim" xmlns:dcterms="http://purl.org/dc/terms/" xmlns:xsi="http://www.w3.org/2001/XMLSchema-instance" xmlns:doc="http://www.lyncode.com/xoai" xsi:schemaLocation="http://www.loc.gov/MARC21/slim http://www.loc.gov/standards/marcxml/schema/MARC21slim.xsd">
   <leader>00925njm 22002777a 4500</leader>
   <datafield ind2=" " ind1=" " tag="042">
      <subfield code="a">dc</subfield>
   </datafield>
   <datafield ind2=" " ind1=" " tag="720">
      <subfield code="a">Martínez Plumed, Fernando</subfield>
      <subfield code="e">author</subfield>
   </datafield>
   <datafield ind2=" " ind1=" " tag="720">
      <subfield code="a">Gómez Gutiérrez, Emilia, 1975-</subfield>
      <subfield code="e">author</subfield>
   </datafield>
   <datafield ind2=" " ind1=" " tag="720">
      <subfield code="a">Hernández-Orallo, José</subfield>
      <subfield code="e">author</subfield>
   </datafield>
   <datafield ind2=" " ind1=" " tag="260">
      <subfield code="c">2021-04-09T06:16:30Z</subfield>
   </datafield>
   <datafield ind2=" " ind1=" " tag="260">
      <subfield code="c">2021-04-09T06:16:30Z</subfield>
   </datafield>
   <datafield ind2=" " ind1=" " tag="260">
      <subfield code="c">2021</subfield>
   </datafield>
   <datafield ind2=" " ind1=" " tag="520">
      <subfield code="a">Artificial Intelligence (AI) offers the potential to transform our lives in radical ways. However, the main unanswered questions about this foreseen transformation are its depth, breadth and timelines. To answer them, not only do we lack the tools to determine what achievements will be attained in the near future, but we even ignore what various technologies in present-day AI are capable of. Many so-called breakthroughs in AI are associated with highly-cited research papers or good performance in some particular benchmarks. However, research breakthroughs do not directly translate into a technology that is ready to use in real-world environments. In this paper, we present a novel exemplar-based methodology to categorise and assess several AI technologies, by mapping them onto Technology Readiness Levels (TRL) (representing their depth in maturity and availability). We first interpret the nine TRLs in the context of AI, and identify several categories in AI to which they can be assigned. We then introduce a generality dimension, which represents increasing layers of breadth of the technology. These two dimensions lead to the new readiness-vs-generality charts, which show that higher TRLs are achievable for low-generality technologies, focusing on narrow or specific abilities, while high TRLs are still out of reach for more general capabilities. We include numerous examples of AI technologies in a variety of fields, and show their readiness-vs-generality charts, serving as exemplars. Finally, we show how the timelines of several AI technology exemplars at different generality layers can help forecast some short-term and mid-term trends for AI.</subfield>
   </datafield>
   <datafield ind2=" " ind1=" " tag="520">
      <subfield code="a">We are grateful to the members of the panel of experts that provided valuable comments, suggestions and useful critiques for this work (in alphabetical order): Carlos Carrascosa, Blagoj Delipetrev, Paul Desruelle, Salvador España, Cèsar Ferri, Ross Gruetzemacher, Stella Heras, Alfons Juan, Carlos Monserrat, Daniel Nepelsky, Eva Onaindia, Barry O’Sullivan, MaJosé Ramírez-Quintana, Miguel Ámgel Salido and Laura Sebastià. This material is based upon work supported by the EU (FEDER), and the Spanish MINECO under grant RTI2018-094403-B-C3, the Generalitat Valenciana PROMETEO/2019/098. F. Martínez-Plumed acknowledges funding of the AI-Watch project by DG CONNECT and DG JRC of the European Commission. J. Hernández-Orallo is funded by an Future of Life Institute (FLI) grant RFP2-152.</subfield>
   </datafield>
   <datafield tag="653" ind2=" " ind1=" ">
      <subfield code="a">AI technologies</subfield>
   </datafield>
   <datafield tag="653" ind2=" " ind1=" ">
      <subfield code="a">Generality</subfield>
   </datafield>
   <datafield tag="653" ind2=" " ind1=" ">
      <subfield code="a">Capabilities</subfield>
   </datafield>
   <datafield tag="653" ind2=" " ind1=" ">
      <subfield code="a">Technology readiness</subfield>
   </datafield>
   <datafield tag="653" ind2=" " ind1=" ">
      <subfield code="a">TRLs</subfield>
   </datafield>
   <datafield ind2="0" ind1="0" tag="245">
      <subfield code="a">Futures of artificial intelligence through technology readiness levels</subfield>
   </datafield>
</record></metadata></record></GetRecord></OAI-PMH>